Harry potter chain 5 Quiz Stats

 Plays Quiz not verified by Sporcle

Support Sporcle.
Go Orange.
Score 0/20 Timer 10:00
0 Plays Today
hint answer % Correct
????
100%
????
98.8%
????
89.4%
????
89.4%
????
83.4%
????
75.2%
????
71.6%
????
68.9%
????
68.4%
????
53.3%
hint answer % Correct
????
53.3%
????
53.3%
????
52.5%
????
52%
????
51.6%
????
50.8%
????
47.2%
????
46.3%
????
21.4%
????
0.5%

You're not logged in!

Compare scores with friends on all Sporcle quizzes.
OR
Log In

From the Vault

Baby Names Ending With -RY

by Pillbug

Why do babies stare at people?
Remove Ads.
Support Sporcle.
Get the best of Sporcle when you Go Orange. This ad-free experience offers more features, more stats, and more fun while also helping to support Sporcle. Thank you for becoming a member.

Show Comments

Extras

Created Mar 12, 2011ReportNominate

Top Quizzes Today


Score Distribution

Your Account Isn't Verified!

In order to create a playlist on Sporcle, you need to verify the email address you used during registration. Go to your Sporcle Settings to finish the process.

Report this User

Report this user for behavior that violates our Community Guidelines.

Details: